MARC

LEADER 00000nam0a2200000 4500
001 156616
005 20231101221920.0
010 |a 5982983047 
035 |a (RuTPU)RU\TPU\book\169861 
090 |a 156616 
100 |a 20090330d2008 m y0rusy50 ca 
101 0 |a rus 
102 |a RU 
105 |a y j 001zy 
200 1 |a Рациональная методика поисков и геолого-экономической оценки месторождений руд редких и радиоактивных элементов  |e методические указания  |f В. А. Домаренко  |g Томский политехнический университет (ТПУ) 
210 |a Томск  |c Изд-во ТПУ  |d 2008 
215 |a 28 с. 
320 |a Библиогр.: с. 26-27. 
452 1 |0 (RuTPU)RU\TPU\book\200611  |t Рациональная методика поисков и геолого-экономической оценки месторождений руд редких и радиоактивных элементов  |f В. А. Домаренко  |g Томский политехнический университет (ТПУ)  |c Томск  |n Изд-во ТПУ  |d 2008  |a Домаренко, Виктор Алексеевич 
606 1 |a Редкие элементы  |x Месторождения  |2 stltpush  |3 (RuTPU)RU\TPU\subj\24258  |9 48658 
606 1 |a Радиоактивные элементы  |x Месторождения  |2 stltpush  |3 (RuTPU)RU\TPU\subj\22441  |9 47199 
610 1 |a геология 
610 1 |a теоретические курсы 
610 1 |a практические курсы 
610 1 |a методические указания 
610 1 |a труды учёных ТПУ 
610 1 |a полезные ископаемые 
610 1 |a редкие элементы 
610 1 |a радиоактивные элементы 
675 |a 553.493.5(076.5)  |v 3 
675 |a 553.495(076.5)  |v 3 
700 1 |a Домаренко  |b В. А.  |g Виктор Алексеевич 
712 0 2 |a Томский политехнический университет (ТПУ)  |c (1991- )  |2 stltpush  |3 (RuTPU)RU\TPU\col\376 
801 1 |a RU  |b 63413507  |c 20090330  |g PSBO 
801 2 |a RU  |b 63413507  |c 20200904  |g PSBO 
900 |a Рациональная методика поисков и геолого-экономической оценки месторождений руд редких и радиоактивных элементов 
942 |c BK